Grani liciniani reliqviae

Guardat en:
Dades bibliogràfiques
Autor principal: Criniti, Nicola (Autor)
Format: Llibre
Idioma:llatí
Publicat: Leipzig BSB B. G. Teubner 1981
Col·lecció:Bibliotheca Sriptorvm Graecorvm et Romanorvm Tevbneriana
Matèries:
Etiquetes: Afegir etiqueta
Sense etiquetes, Sigues el primer a etiquetar aquest registre!

MARC

LEADER 00000nam a2200000 a 4500
001 UCP9670
003 CL-VaPUC
008 000331e19810000GW |||||||||||||||||lat|d
082 0 4 |a 937.06  |b CRI  |2 21 
100 0 |a Criniti, Nicola  |e author  |9 440396 
245 1 0 |a Grani liciniani reliqviae 
300 |a 49 p 
942 |c BK 
945 |d 20000331 00:00:00  |a crobeson 
260 |a Leipzig  |b BSB B. G. Teubner  |c 1981 
650 0 |a Historia romana  |9 322973 
650 0 |a Imperio Romano  |9 322785 
650 0 |a Civilizaciones antiguas  |9 265998 
650 7 |a FUENTES  |2 CL-VaPUC  |9 255666 
651 0 |a Roma   |9 255106 
583 |a last modification  |c 20000331 00:00:00  |k Rodrigo Vera 
490 0 |a Bibliotheca Sriptorvm Graecorvm et Romanorvm Tevbneriana 
999 |c 286459  |d 286457 
952 |0 0  |1 0  |4 0  |6 937_060000000000000_CRI_1981  |7 0  |8 A  |9 332412  |a BIBHIS  |b BIBHIS  |d 2019-11-20  |i 139794K  |o 937.06 CRI 1981  |p 139794K  |r 2023-01-25  |w 2019-11-20  |y BK  |k HIS